Tvorba produktu cestovného ruchu krajín V4 diplomová práca

Gespeichert in:
Bibliographische Detailangaben
1. Verfasser: Kozmér, Tibor
Körperschaft: Obchodná fakulta EU. Katedra služieb a cestovného ruchu - zrušené
Weitere Verfasser: Pachingerová, Mária
Format: Buch
Sprache:Slowakisch
Veröffentlicht: Bratislava 2010
Tags: Tag hinzufügen
Keine Tags, Fügen Sie das erste Tag hinzu!

MARC

LEADER 00000nam$a2200000$$$4500
001 0118584
005 20240318123627.5
041 0 |a slo 
044 |a SK 
245 1 0 |a Tvorba produktu cestovného ruchu krajín V4  |b diplomová práca  |c Tibor Kozmér ; škol. Mária Pachingerová 
264 1 |a Bratislava  |c 2010 
300 |a 85 s. 
100 1 |a Kozmér, Tibor 
700 1 |a Pachingerová, Mária 
710 2 |a Obchodná fakulta EU. Katedra služieb a cestovného ruchu - zrušené